<?xml version="1.0" encoding="UTF-8"?><?xml-stylesheet type="text/xsl" href="static/style.xsl"?><OAI-PMH xmlns="http://www.openarchives.org/OAI/2.0/" xmlns:xsi="http://www.w3.org/2001/XMLSchema-instance" xsi:schemaLocation="http://www.openarchives.org/OAI/2.0/ http://www.openarchives.org/OAI/2.0/OAI-PMH.xsd"><responseDate>2026-04-17T06:10:18Z</responseDate><request verb="GetRecord" identifier="oai:www.recercat.cat:10230/33530" metadataPrefix="marc">https://recercat.cat/oai/request</request><GetRecord><record><header><identifier>oai:recercat.cat:10230/33530</identifier><datestamp>2025-12-18T01:15:41Z</datestamp><setSpec>com_2072_6</setSpec><setSpec>col_2072_452952</setSpec></header><metadata><record xmlns="http://www.loc.gov/MARC21/slim" xmlns:dcterms="http://purl.org/dc/terms/" xmlns:xsi="http://www.w3.org/2001/XMLSchema-instance" xmlns:doc="http://www.lyncode.com/xoai" xsi:schemaLocation="http://www.loc.gov/MARC21/slim http://www.loc.gov/standards/marcxml/schema/MARC21slim.xsd">
   <leader>00925njm 22002777a 4500</leader>
   <datafield ind2=" " ind1=" " tag="042">
      <subfield code="a">dc</subfield>
   </datafield>
   <datafield ind2=" " ind1=" " tag="720">
      <subfield code="a">Álvarez de la Granja, María</subfield>
      <subfield code="e">author</subfield>
   </datafield>
   <datafield ind2=" " ind1=" " tag="720">
      <subfield code="a">Gómez Clemente, Xosé María</subfield>
      <subfield code="e">author</subfield>
   </datafield>
   <datafield ind2=" " ind1=" " tag="720">
      <subfield code="a">Gómez Guinovart, Xavier</subfield>
      <subfield code="e">author</subfield>
   </datafield>
   <datafield ind2=" " ind1=" " tag="260">
      <subfield code="c">2017-12-19T10:20:53Z</subfield>
   </datafield>
   <datafield ind2=" " ind1=" " tag="260">
      <subfield code="c">2017-12-19T10:20:53Z</subfield>
   </datafield>
   <datafield ind2=" " ind1=" " tag="260">
      <subfield code="c">2016</subfield>
   </datafield>
   <datafield ind2=" " ind1=" " tag="520">
      <subfield code="a">This study describes the introduction of verbal idioms in the Galician language version (Galnet) of the semantic network WordNet; a network that does not traditionally include many phraseological units. To enhance Galnet, a list of 803 Galician verbal idioms was developed to then review each of them individually and assess whether they could be introduced in an existing WordNet synset (a group of synonyms expressing the same concept) or not. Of those 803 idioms, 490 (61%) could be included in this network. Besides, Galnet was enlarged with 750 extra verbal idioms, most of them synonyms or variants of the former. In this study, we present the working methodology for the experiment and an analysis of the results, to help understand the most important problems found when trying to introduce idioms in Galnet. We also discuss the reasons preventing the inclusion of some expressions, and the criteria used to introduce the idioms that finally made it into the network.</subfield>
   </datafield>
   <datafield ind2=" " ind1=" " tag="520">
      <subfield code="a">This research has been supported by the Xunta de Galicia and the European Union (under grant GRC2013/40) and by the Ministry of Economy and Competitiveness of the Spanish Government (Project TUNER: Automatic domain adaptation for semantic processing, TIN2015-65308-C5-1-R).</subfield>
   </datafield>
   <datafield tag="653" ind2=" " ind1=" ">
      <subfield code="a">WordNet</subfield>
   </datafield>
   <datafield tag="653" ind2=" " ind1=" ">
      <subfield code="a">Phraseology</subfield>
   </datafield>
   <datafield tag="653" ind2=" " ind1=" ">
      <subfield code="a">Semantic network</subfield>
   </datafield>
   <datafield tag="653" ind2=" " ind1=" ">
      <subfield code="a">Idioms</subfield>
   </datafield>
   <datafield ind2="0" ind1="0" tag="245">
      <subfield code="a">Introducing idioms in the Galician WordNet: methods, problems and results</subfield>
   </datafield>
</record></metadata></record></GetRecord></OAI-PMH>